Statistics for 🎧 Guess the Taylor Swift Song with no Hints - 4

Click here to take the quiz!

General Stats

  • This quiz has been taken 44 times
  • The average score is 395 of 468

Answer Stats

Answer% Correct
a
100%
an
100%
And
100%
and
100%
I
100%
me
100%
you
100%
You
100%
on
97%
in
95%
is
95%
it
95%
like
95%
the
95%
to
95%
(Ah
92%
don't
92%
ha
92%
ha)
92%
My
92%
my
92%
no
92%
of
92%
so
92%
when
92%
Your
92%
your
92%
friend
89%
this
89%
All
87%
all
87%
just
87%
They
87%
they
87%
want
87%
we
87%
are
84%
at
84%
best
84%
But
84%
by
84%
know
84%
name
84%
not
84%
off
84%
one
84%
Say
84%
that
84%
ah)
82%
ah
82%
(Ah
82%
dress
82%
if
82%
I'm
82%
see
82%
Take
82%
take
82%
time
82%
up
82%
bought
79%
can't
79%
could
79%
everything
79%
from
79%
hands
79%
only
79%
Only
79%
Our
79%
stops
79%
we're
79%
were
79%
about
76%
back
76%
even
76%
Even
76%
into
76%
nothing
76%
There
76%
us
76%
worst
76%
Carve
74%
Flashback
74%
got
74%
met
74%
mistakes
74%
Now
74%
shake
74%
side
74%
wake
74%
woke
74%
bleached
71%
buzzcut
71%
earthquakes
71%
explain
71%
get
71%
hair
71%
lifeline
71%
saw
71%
shaking
71%
truth
71%
bedpost
68%
'Cause
68%
crowded
68%
idea
68%
kiss
68%
room
68%
secret
68%
shape
68%
times
68%
anticipation
66%
desperately
66%
golden
66%
holding
66%
indentation
66%
lies
66%
Made
66%
made
66%
mark
66%
moments
66%
rebounds
66%
silence
66%
tattoo
66%
waiting
66%
face
63%
least
63%
patience
63%
thinks
63%
bathtub
61%
both
61%
burned
61%
drunk
61%
electrified
61%
Everyone
61%
wine
61%
gonna
58%
pining
58%
spilling
58%
try
58%
Inescapable
53%

Score Distribution

Percentile by Number Answered

Percent of People with Each Score

Your Score History

You have not taken this quiz